000 02069cam a22004094i 4500
003 PE-LiUPU
005 20250731175615.0
008 150616s r 000 0 d
020 _a8428313792
035 _a(Sirsi) i9788428313797
040 _aPE-LiUPU
_bspa
_cPE-LiUPU
_erda
049 _aPRUA
082 0 4 _a410
_bM53
_221
100 1 _aMichelena, Luis,
_eautor.
245 1 0 _aLengua e historia /
_cLuis Michelena.
264 1 _aMadrid :
_bParaninfo,
_c1985.
300 _a509 páginas ;
_c21 centímetros
336 _atext
_2rdacontent
337 _aunmediated
_2rdamedia
338 _avolume
_2rdacarrier
490 0 _aColección de Filológica
505 0 _aEstructuralismo y reconstrucción -- Comparación y reconstrucción -- Gramática generativa y lingüística histórica -- La fragmentación dialectal -- Comparación y reconstrucción en lingüística -- Urquijo y la sociedad de estudios vascos -- El brocense hoy -- Guillaume de Humboldt et la lange basque -- Lengua y cultura -- Color y sonido en la lengua -- Las lenguas y la política -- Sobre bilingüismo -- Lenguas indígenas y lengua clásica en hispania -- La normalización de la forma escrita de una lengua -- Aspecto formal de la oposición nominativa/acusativa -- Distribución defectiva y evolución fonológica -- Románico y circunrománico -- Vasco-románica -- Lat. s: el testimonio vasco -- Etimología y transformación -- Introducción al latín vulgar.
526 _aP145
526 _aP127
526 _aP97
526 _aP35
526 _aP14
526 _aP07
650 0 4 _aLingüística.
910 _ajck
_bjvq
_cjck
942 _2ddc
_cBOOK
949 _a410 M53
_wDEWEY
_c1
_i25960
_lCCODEBUL1
_mBUL
_r0
_sY
_tBOOK
_u2015-4-23
_xEDUCACION
_PP20
_0COMPRA
_o.STAFF. Colección General
994 _aC0
_bPEPRU
596 _a1
999 _a410 M53
_wDEWEY
_c253
_i25960
_f2021-11-5
_g5
_lCCODEBUL1
_mBUL
_r0
_sY
_tBOOK
_u2015-4-23
_xBIBLIOTECA
_PP20
_0COMPRA
_o.STAFF. Colección General
_d253
980 _81
_gALBERTO SANCHEZ Responsable de Automatización